000 00503nam a2200181Ia 4500
008 100920s9999 xx 000 0 und d
082 _b104295
_a891.43 न 07
100 _aपासवान सुकुन.
245 _aअछुत.
260 _bपंकज बुक्स ,दिल्ली.
_c2007
300 _a167
_bसाधी
365 _b200
520 _aहिंदी.
630 _aअछुत.
650 _aहिंदी.
730 _aअछुत.
942 _cBOOK
999 _c744727
_d744724